| 000 | 01454nam a2200277Ia 4500 | ||
|---|---|---|---|
| 999 |
_c36398 _d36398 |
||
| 001 | 2312 | ||
| 003 | GE_BSU | ||
| 005 | 20190529143358.0 | ||
| 008 | 181216s2009||||ge |||||||||||||| ||geo|| | ||
| 020 | _a9789941409219 | ||
| 040 | _cGE_BSU | ||
| 041 | _ageo | ||
| 080 | _a634(035) მ–46 | ||
| 245 |
_cავტ.: ლ. ებრალიძე, ო. შაინიძე, შ. ლამპარაძე, ზ. მახარაძე ; რედ. შ. ლომინაძე. _aმებაღეობა-მევენახეობა : _bსახელმძღვ. ცნობარი ფერმერთათვის / |
||
| 264 |
_aბათუმი : _bშოთა რუსთაველის სახელმწ. უნ-ტის გამ-ბა, _c2009. |
||
| 300 |
_a37 გვ.: _bცხრ., სურ. ; _c20 სმ. |
||
| 504 | _aბიბლიოგრ.: გვ. 38. | ||
| 653 | _aმებაღეობა - ცნობარები | ||
| 653 | _aმევენახეობა - ცნობარები | ||
| 700 |
_aებრალიძე, ლ. _eავტორი _91797 |
||
| 700 |
_aშაინიძე, ო. _eავტორი _91798 |
||
| 700 |
_aლამპარაძე, შ. _eავტორი _91799 |
||
| 700 |
_aმახარაძე, ზ. _eავტორი _91800 |
||
| 700 |
_aლომინაძე, შ. _eრედაქტორი _922 |
||
| 942 |
_cBK _2udc |
||